LEADER 02238nam 2200469 450 001 9910476784003321 005 20230515062446.0 035 $a(CKB)5470000000566672 035 $a(NjHacI)995470000000566672 035 $a(EXLCZ)995470000000566672 100 $a20230515d2011 uy 0 101 0 $aeng 135 $aur||||||||||| 181 $ctxt$2rdacontent 182 $cc$2rdamedia 183 $acr$2rdacarrier 200 10$aJacob's Ladder $ekabbalistic allegory in Russian literature /$fMarina Aptekman 210 1$aBoston :$cAcademic Studies Press,$d2011. 215 $a1 online resource (249 pages) $cillustrations 225 1 $aBorderlines (Boston, Mass.) 311 $a1-61811-931-1 320 $aIncludes bibliographical references and index. 327 $aTable of Contents -- Acknowledgements -- Introduction: Kabbalah Then and Now: a Historical Perspective -- A Quest For Moral Perfection: Kabbalistic Allegory in Eighteenth-Century ??asonic Literature -- Knowledge Hidden In Letters: Alchemic Kabbalah and Russian Romantic Literature -- In the Beginning Was the Word: Magical Kabbalah, the Occult Revival, and the Linguistic Mysticism of the Silver Age -- Modernism and Kabbalah: Linguistic Mysticism in the Literary Doctrine of the Russian Silver Age -- Conclusion -- Selected Bibliography -- Index. 330 $aFocusing primarily on the close study of literary works presented in the broad cultural and historical context, Jacob's Ladder discusses the reflection of kabbalistic allegory in Russian literature and provides a detailed analysis of the evolution of the perception of Kabbalah in Russian consciousness. 410 0$aBorderlines (Boston, Mass.) 517 $aJacob's Ladder 606 $aCabala$xInfluence 606 $aCabala in literature 606 $aCabala$xHistory 606 $aOccultism$zRussia$xHistory 615 0$aCabala$xInfluence. 615 0$aCabala in literature. 615 0$aCabala$xHistory. 615 0$aOccultism$xHistory. 676 $a891.70938276712 700 $aAptekman$b Marina$0990111 801 0$bNjHacI 801 1$bNjHacl 906 $aBOOK 912 $a9910476784003321 996 $aJacob's ladder$92264660 997 $aUNINA LEADER 01389nas 2200409-a 450 001 996199303403316 005 20240413023728.0 035 $a(CKB)110978984250794 035 $a(CONSER)---91658579- 035 $a(EXLCZ)99110978984250794 100 $a19910405a19uu9999 --- a 101 0 $aeng 181 $ctxt$2rdacontent 182 $cc$2rdamedia 183 $acr$2rdacarrier 200 04$aThe Asphalt contractor $epaving America 210 $aIndependence, Mo. $cAsphalt Cantractor Pub. Co 210 3 $aFort Atkinson, WI $cAC Business Media, Inc 215 $a1 online resource 311 $aPrint version: The Asphalt contractor : (DLC) 91658579 (OCoLC)23379358 1055-9205 531 $aASPHALT CONTRACTOR PAVING AMERICA 531 $aASPHALT CONTRACTOR 531 0 $aAsph. contract. 606 $aAsphalt plants$vPeriodicals 606 $aPavements, Asphalt$xDesign and construction$xEquipment and supplies$vPeriodicals 606 $aAsphalt plants$2fast$3(OCoLC)fst00818876 608 $aPeriodicals.$2fast 608 $aPeriodicals.$2lcgft 615 0$aAsphalt plants 615 0$aPavements, Asphalt$xDesign and construction$xEquipment and supplies 615 7$aAsphalt plants. 676 $a625.8/5 906 $aJOURNAL 912 $a996199303403316 920 $aexl_impl conversion 996 $aThe Asphalt contractor$92125695 997 $aUNISA